| 000 | 00967nam a2200301Ia 4500 | ||
|---|---|---|---|
| 003 | OSt | ||
| 005 | 20221007122458.0 | ||
| 006 | a|||||r|||| 00| 0 | ||
| 007 | ta | ||
| 008 | 221006b |||||||| |||| 00| 0 eng d | ||
| 020 | _a9788126522606 (pbk) | ||
| 024 | _a102287 | ||
| 037 |
_b2824, 04/06/2010, New India Book Agency _cTextbook |
||
| 040 |
_aPAPL _cPAPL _beng |
||
| 041 |
_2eng _aeng |
||
| 082 | _aC9B3:eM, P0;5-;6 Carpa | ||
| 100 | _aKnoll Glenn F | ||
| 245 | 0 | _aRadiation detection and measurement | |
| 250 | _a3 | ||
| 260 |
_aNew _bDelhi Wiley _c2000 |
||
| 300 |
_axiv, 802p. _ccm. |
||
| 500 | _aIncludes bibliographical references.; Appendices A-D, 777-794p.; Index 796-802p. | ||
| 650 | _a Radiation detection | ||
| 650 |
_a Radiation physics _9714458 |
||
| 650 | _aPhysics | ||
| 942 |
_hC9B3:eM, P0;5-;6 Carpa _cTB _2CC |
||
| 999 |
_c1210421 _d1210421 |
||